000 00552nam a2200217Ia 4500
003 OSt
005 20250819094855.0
008 210210b2005 xxu||||| |||| 00| 0 eng d
020 _a8121908558
040 _cAL
041 _aeng
082 _a537 TEWE
100 _aTewari K K
_9236301
245 _aElectricity and magnetism with electronics
260 _aN D
_bS. Chand & Co. Ltd.
_c2005
300 _axvi,912p
650 _aElectricity Magnetism Electronics
_9236302
690 _aElectricity
_9236303
906 _a060523
942 _2ddc
_cBK
999 _c107221
_d107221